000 00467nam a22001577a 4500
005 20251015164106.0
008 251015b |||||||| |||| 00| 0 eng d
040 _aMAIN
082 _a519.5
_bL154R
100 _aLalji
245 _aReliability and profit optimization of repairable systems with combined redundancy strategies
260 _bDepartment of Mathemtics, M D University, Rohtak
_c2025
300 _a141
700 _aTaneja, Gulshan Lal
942 _cTH
999 _c393588
_d393588